The moral psychology of internal conflict : value, meaning, and the enactive mind (Record no. 51673)

MARC details
000 -LEADER
fixed length control field 00716nam a2200169 a 4500
008 - FIXED-LENGTH DATA ELEMENTS--GENERAL INFORMATION
fixed length control field 200720s2018 ||||||||||||||||| || u
020 ## - INTERNATIONAL STANDARD BOOK NUMBER
International Standard Book Number 9781107189959
050 ## - LIBRARY OF CONGRESS CALL NUMBER
Classification number BD 418.3 Ell
100 ## - MAIN ENTRY--PERSONAL NAME
Personal name Ellis, Ralph D
245 14 - TITLE STATEMENT
Title The moral psychology of internal conflict : value, meaning, and the enactive mind
Statement of responsibility, etc. By Ralph D. Ellis
260 ## - PUBLICATION, DISTRIBUTION, ETC.
Place of publication, distribution, etc. Cambridge
Name of publisher, distributor, etc. Cambridge University Press
Date of publication, distribution, etc. 2018
300 ## - PHYSICAL DESCRIPTION
Extent x, 236 pages
650 ## - SUBJECT ADDED ENTRY--TOPICAL TERM
Topical term or geographic name entry element PHILOSOPHY OF MIND
650 ## - SUBJECT ADDED ENTRY--TOPICAL TERM
Topical term or geographic name entry element AFFECTIVE NEUROSCIENCE
650 ## - SUBJECT ADDED ENTRY--TOPICAL TERM
Topical term or geographic name entry element PSYCHOLOGY--MORAL AND ETHICAL ASPECTS--CASE STUDIES
995 ## - RECOMMENDATION 995 [LOCAL, UNIMARC FRANCE]
-- 116.85
-- CBU-MAIN LIBRARY (Kitwe)
-- 1
-- AVAILABLE
-- Jul 27, 2020
-- Main Library Open Access Collection
Holdings
Withdrawn status Lost status Source of classification or shelving scheme Damaged status Not for loan Home library Current library Shelving location Date acquired Total Checkouts Full call number Barcode Date last seen Price effective from Koha item type
          CBU-MAIN LIBRARY, KITWE. CBU-MAIN LIBRARY, KITWE.   11/30/2022   BD 418.3 Ell 750371 11/30/2022 11/30/2022 MONOGRAPH